书目信息 |
| 题名: |
复杂高层结构非线性抗震性能分析和设计方法
|
|
| 作者: | 滕军 , 李祚华 著 | |
| 分册: | ||
| 出版信息: | 北京 中国建筑工业出版社 2016 |
|
| 页数: | 10, 349页 | |
| 开本: | 26cm | |
| 丛书名: | ||
| 单 册: | ||
| 中图分类: | TU973 | |
| 科图分类: | ||
| 主题词: | 高层建筑--Gao Ceng Jian Zhu--建筑结构--防震设计 | |
| 电子资源: | ||
| ISBN: | 978-7-112-19392-9 | |
| 000 | 01033nam0 2200253 450 | |
| 001 | 0100004475 | |
| 005 | 20190305100621.94 | |
| 010 | @a978-7-112-19392-9@dCNY58.00 | |
| 100 | @a20160913d2016 em y0chiy50 ea | |
| 101 | 0 | @achi |
| 102 | @aCN@b110000 | |
| 105 | @aak a 000yy | |
| 200 | 1 | @a复杂高层结构非线性抗震性能分析和设计方法@AFu Za Gao Ceng Jie Gou Fei Xian Xing Kang Zhen Xing Neng Fen Xi He She Ji Fang Fa@f滕军, 李祚华著 |
| 210 | @a北京@c中国建筑工业出版社@d2016 | |
| 215 | @a10, 349页@c图@d26cm | |
| 300 | @a国家科学技术学术著作出版基金资助出版 | |
| 320 | @a有书目 (第342-349页) | |
| 330 | @a本书系统总结了复杂高层结构非线性抗震性能分析、评价、控制及设计的相关理论和关键技术。在快速建模、前后处理、ABAQUS核心技术开发和GPU异构平台搭建等方面系统介绍了复杂高层结构非线性高效分析方法等内容。 | |
| 606 | 0 | @a高层建筑@AGao Ceng Jian Zhu@x建筑结构@x防震设计 |
| 690 | @aTU973@v5 | |
| 701 | 0 | @a滕军@ATeng Jun@4著 |
| 701 | 0 | @a李祚华@ALi Zuohua@4著 |
| 801 | 0 | @aCN@c20161103 |
| 905 | @a河南城建学院图书馆@dTU973@eT418 | |
| 复杂高层结构非线性抗震性能分析和设计方法/滕军, 李祚华著.-北京:中国建筑工业出版社,2016 |
| 10, 349页:图;26cm |
| 国家科学技术学术著作出版基金资助出版 |
| ISBN 978-7-112-19392-9:CNY58.00 |
| 本书系统总结了复杂高层结构非线性抗震性能分析、评价、控制及设计的相关理论和关键技术。在快速建模、前后处理、ABAQUS核心技术开发和GPU异构平台搭建等方面系统介绍了复杂高层结构非线性高效分析方法等内容。 |
| ● |
| 相关链接 |
|
|
|
正题名:复杂高层结构非线性抗震性能分析和设计方法
索取号:TU973/T418
 
预约/预借
| 序号 | 登录号 | 条形码 | 馆藏地/架位号 | 状态 | 备注 |
| 1 | 1292059 | 212920598 | 土木与交通工程学院资料室/ [索取号:TU973/T418] | 在馆 | |
| 2 | 1292060 | 212920605 | 土木与交通工程学院资料室/ [索取号:TU973/T418] | 在馆 | |
| 3 | 1304827 | 213048272 | 建筑库201/201建筑库 87排2列5层/ [索取号:TU973/T418] | 在馆 |